| 000 | 01607ngm a22003730a 4500 | ||
|---|---|---|---|
| 001 | PT50886 | ||
| 003 | AR-LpoUNG | ||
| 005 | 20210202000039.0 | ||
| 007 | vd cvaizq | ||
| 008 | 191001s2010||||ag |||||||||||||||||fre d | ||
| 037 | _c$4 | ||
| 040 |
_aAR-LpoUNG _bspa _cAR-LpoUNG _eaacr |
||
| 041 |
_afre _aspa |
||
| 044 | _aag | ||
| 082 | 0 | _a306.73 942osc | |
| 100 | 1 |
_aBuñuel, Luis _edir. |
|
| 245 | 1 | 0 | _aEse oscuro objeto del deseo = Cet obscur objet du désir |
| 260 |
_aBuenos Aires : _bStudiocanal, _c2010. |
||
| 300 | _aDVD (99 min.) : son., col. | ||
| 505 | 0 | _aHecha en 1977. Guión: Jean-Claude Carrière, Luis Buñuel. Fotografía: Edmond Richard. Sonido: Alex Pront, Gina Pignier, Guy Villette. Vestuario: María Teresa García Trueba. Protagonistas: Fernando Rey, Carole Bouquet, Ángela Molina, Julien Bertheau, André Weber. | |
| 520 | _aEn el transcurso de un viaje en tren, Mathieu Faber le cuenta a sus compañeros de vagón su historia sentimental con Conchita, su ama de llaves, quien evade y huye de él constantemente. Por casualidad, se encuentran varias veces en diferentes ciudades de Europa, pero ella se mostraba provocativa y coqueteaba con varios hombres. Conchita juega con la obsesión de Mathieu, haciéndolo pasar del deseo a la frustración y del amor al odio. | ||
| 650 | 4 | _aASPECTOS PSICOLOGICOS | |
| 650 | 4 | _aDRAMA | |
| 650 | 4 | _aEUROPA | |
| 650 | 4 | _aRELACIONES HUMANAS | |
| 653 | _aCINE ESPAÑOL | ||
| 653 | _aCINE FRANCES | ||
| 653 | _aCOMEDIA | ||
| 653 | _aDVD | ||
| 653 | _aSURREALISMO | ||
| 653 | _aVIDEOS | ||
| 905 | _a50886 | ||
| 942 | _cDVD | ||
| 999 |
_c54027 _d54027 |
||